Taxonomie Pokémon - Artiodactyles - Statistiques

Statistiques générales
  • Ce quiz a été pris 119 fois
    42 depuis la dernière actualisation
  • Le résultat moyen est 37 sur 42
Statistiques - réponses
Type de quiz Pokémon % Correct
Bovins Normal Tauros
100%
Bovins Combat Eau Tauros de Paldea (Race Aquatique)
100%
Bovins Combat Tauros de Paldea (Race Combative)
100%
Bovins Combat Feu Tauros de Paldea (Race Flamboyante)
100%
Chameaux Feu Sol Camérupt
97%
Cerfs Normal Cerfrousse
97%
Girafes Normal Psy Girafarig
97%
Ovins Électrik Lainergie
97%
Ovins Électrik Pharamp
97%
Ovins Électrik Wattouat
97%
Chameaux Feu Sol Chamallot
94%
Caprins Plante Chevroum
94%
Bovins Normal Écrémeuh
94%
Cochons Feu Combat Grotichon
94%
Cochons Feu Gruikui
94%
Hippopotames Sol Hippopotas
94%
Ovins Normal Moumouton
94%
Cochons Feu Combat Roitiflam
94%
Caprins Plante Cabriolaine
90%
Cochons Glace Sol Cochignon
90%
Hippopotames Sol Hippodocus
90%
Cochons Glace Sol Mammochon
90%
Ovins Normal Moumouflon
90%
Girafes Normal Psy Farigiraf
87%
Bovins Normal Frison
87%
Cochons Glace Sol Marcacrin
87%
Cerfs Normal Plante Vivaldaim
87%
Cerfs Normal Psy Cerbyllin
84%
Cerfs Acier Combat Cobaltium
84%
Cochons Psy Groret
84%
Cerfs Normal Plante Haydaim
84%
Cochons Psy Spoink
84%
Cerfs Roche Combat Terrakium
84%
Cerfs Plante Combat Viridium
84%
Cochons Normal Gourmelet
77%
Cochons Normal Fragroin
71%
Cerfs Plante Psy Vert-de-Fer
71%
Cerfs Fée Xerneas
71%
Cerfs Plante Vol Shaymin (Céleste)
68%
Cerfs Acier Psy Chef-de-Fer
65%
Cerfs Roche Psy Roc-de-Fer
65%
Cerfs Ténèbres Sol Dinglu
61%
Aucun quiz correspondant
Distribution des résultats
% des personnes avec chaque résultat
Percentile par nombre de réponses
Votre historique - résultats
Vous n’avez pas pris ce quiz depuis la dernière actualisation